| 000 | 01794nam0a2200289 4500 | ||
|---|---|---|---|
| 001 | RU\NLR\bibl\1293412 | ||
| 005 | 20260405173816.0 | ||
| 010 |
_a978-5-7035-1964-6 _9200 |
||
| 021 |
_aRU _b2008-76195 _94399 |
||
| 035 | _a(NLR Aleph) 001279068 | ||
| 090 |
_a487355 _c487355 |
||
| 100 | _a20081111d2008 |||y0rusy50 ca | ||
| 101 | 0 | _arus | |
| 102 | _aRU | ||
| 105 | _aa ||||||||| | ||
| 200 | 1 |
_aНивелировка летательных аппаратов _eучебное пособие _e[для студентов специальностей 160801 (Ракетостроение), 16002 (Космические летательные аппараты и разгонные блоки) и 160201 (Самолето- и вертолетостроение), изучающих дисциплины "Технология производства ракет", "Технология производства космических аппаратов и разгонных блоков"] _fИ.А. Федоров _gФедер. агентство по образованию, Моск. авиац. ин-т (гос. техн. ун-т) |
|
| 210 |
_aМосква _cИзд-во МАИ-ПРИНТ _d2008 |
||
| 215 |
_a68, [1] с. _cил. _d20 |
||
| 320 | _aБиблиогр.: с. 67 (7 назв.) | ||
| 606 | 1 |
_aЛетательные аппараты _jУчебные издания для высших учебных заведений _xНивелировка _92546276 _3RU\NLR\auth\661507056 |
|
| 686 | _aО52-082.01я73-1 | ||
| 700 | 1 |
_4070 _7ca _8rus _aФедоров _bИ. А. _cканд. техн. наук _gИлья Александрович _958062 _3RU\NLR\auth\7775134 |
|
| 801 | 0 |
_aRU _bNLR _c20081111 _gRCR |
|
| 801 | 1 |
_aRU _bNLR _c20081111 |
|
| 942 | _cBOOK | ||
| 980 | _aNB | ||